000
00306nam a22001097a 4500
008
240823b |||||||| |||| 00| 0 eng d
040
_a
National Science Library
_c
National Science Library
245
_a
Das englische fachwort
260
_a
Germany:
_b
W. Girardet,
_c
1940
300
_a
vi, 205p.
942
_c
BK
999
_c
65989
_d
65989